Principles of anatomy & physiology / (Record no. 20823)
[ view plain ]
| 000 -LEADER | |
|---|---|
| fixed length control field | 01100cam a22002895a 4500 |
| 001 - CONTROL NUMBER | |
| control field | 11869283 |
| 005 - DATE AND TIME OF LATEST TRANSACTION | |
| control field | 20201128023554.0 |
| 008 - FIXED-LENGTH DATA ELEMENTS--GENERAL INFORMATION | |
| fixed length control field | 140212t2014 njua frd 001 0 eng d |
| 020 ## - INTERNATIONAL STANDARD BOOK NUMBER | |
| International Standard Book Number | 9781118808436 |
| 040 ## - CATALOGING SOURCE | |
| Original cataloging agency | TOH |
| Language of cataloging | eng |
| Transcribing agency | TOH |
| Modifying agency | OCLCO |
| -- | ZWZ |
| -- | EG-ScBUE |
| 082 04 - DEWEY DECIMAL CLASSIFICATION NUMBER | |
| Classification number | 612 |
| Item number | TOR |
| Edition number | 22 |
| 100 1# - MAIN ENTRY--PERSONAL NAME | |
| Personal name | Tortora, Gerard J. |
| 9 (RLIN) | 31081 |
| 245 10 - TITLE STATEMENT | |
| Title | Principles of anatomy & physiology / |
| Statement of responsibility, etc | Gerard J.Tortora, Bryan Derrickson. |
| 246 31 - VARYING FORM OF TITLE | |
| Title proper/short title | Principles of anatomy and physiology |
| 250 ## - EDITION STATEMENT | |
| Edition statement | 14th ed., EMEA ed. |
| 260 ## - PUBLICATION, DISTRIBUTION, ETC. (IMPRINT) | |
| Place of publication, distribution, etc | Hoboken : |
| Name of publisher, distributor, etc | John Wiley & Sons, |
| Date of publication, distribution, etc | c.2014. |
| 300 ## - PHYSICAL DESCRIPTION | |
| Extent | (Various pagings) : |
| Other physical details | ill. ; |
| Dimensions | 28 cm. |
| 500 ## - GENERAL NOTE | |
| General note | Accompanying booklet: A brief atlas of the skeleton and surface anatomy / Gerald J. Tortora ; cadaver photographs by Mark Nielsen. |
| 500 ## - GENERAL NOTE | |
| General note | Includes glossary and index. |
| 650 #7 - SUBJECT ADDED ENTRY--TOPICAL TERM | |
| Topical term or geographic name as entry element | Human physiology. |
| Source of heading or term | BUEsh |
| 9 (RLIN) | 2250 |
| 650 #7 - SUBJECT ADDED ENTRY--TOPICAL TERM | |
| Topical term or geographic name as entry element | Human anatomy. |
| Source of heading or term | BUEsh |
| 9 (RLIN) | 2704 |
| 651 ## - SUBJECT ADDED ENTRY--GEOGRAPHIC NAME | |
| Source of heading or term | BUEsh |
| 653 ## - INDEX TERM--UNCONTROLLED | |
| Resource For college | Pharmacy |
| Arrived date list | September2015 |
| -- | November2015 |
| 700 1# - ADDED ENTRY--PERSONAL NAME | |
| Personal name | Derrickson, Bryan, |
| 700 12 - ADDED ENTRY--PERSONAL NAME | |
| Personal name | Tortora, Gerard J. |
| Title of a work | Brief atlas of the skeleton and surface anatomy. |
| 9 (RLIN) | 31081 |
| 942 ## - ADDED ENTRY ELEMENTS (KOHA) | |
| Source of classification or shelving scheme | Dewey Decimal Classification |
| Withdrawn status | Lost status | Source of classification or shelving scheme | Damaged status | Not for loan | Koha collection | Home library | Current library | Shelving location | Date acquired | Source of acquisition | Cost, normal purchase price | Serial Enumeration / chronology | Total Checkouts | Total Renewals | Full call number | Barcode | Date last seen | Date last borrowed | Cost, replacement price | Koha item type | Materials specified (bound volume or other part) |
|---|---|---|---|---|---|---|---|---|---|---|---|---|---|---|---|---|---|---|---|---|---|
| Dewey Decimal Classification | Baccah | Central Library | Central Library | First floor | 01/09/2015 | Purchase | 1495.00 | 23317 | 7 | 69 | 612 TOR | 000030867 | 15/07/2025 | 26/09/2022 | 1868.00 | Book - Borrowing | |||||
| Lost | Dewey Decimal Classification | Central Library | Central Library | Lower Floor | 01/09/2015 | Purchase | 1495.00 | 23317 | 222 TOR | 000030866 | 23/08/2016 | 1868.00 | Book - Borrowing | Lost In Inventory_2017-8-25 |